<?xml version="1.0" encoding="UTF-8"?>
<collection xmlns="http://www.loc.gov/MARC21/slim">
 <record>
  <leader>01284nam a22002057a 4500</leader>
  <controlfield tag="001">NCT_4_011794</controlfield>
  <controlfield tag="008">240803b        xxu||||| |||| 00| 0 vie d</controlfield>
  <datafield tag="999" ind1=" " ind2=" ">
   <subfield code="c">8550</subfield>
   <subfield code="d">8550</subfield>
  </datafield>
  <datafield tag="020" ind1=" " ind2=" ">
   <subfield code="a">9786045790441</subfield>
  </datafield>
  <datafield tag="082" ind1="0" ind2="4">
   <subfield code="2">23rd ed.</subfield>
   <subfield code="a">333.332</subfield>
   <subfield code="b">B312</subfield>
  </datafield>
  <datafield tag="100" ind1="1" ind2=" ">
   <subfield code="a">Đoàn Văn Bình</subfield>
   <subfield code="e">Chủ biên</subfield>
  </datafield>
  <datafield tag="245" ind1="1" ind2="0">
   <subfield code="a">Bất động sản trong nền kinh tế Việt Nam vai trò và khuyến nghị chính sách</subfield>
   <subfield code="b">Sách chuyên khảo</subfield>
   <subfield code="c">Đoàn Văn Bình (Chủ biên)</subfield>
  </datafield>
  <datafield tag="250" ind1=" " ind2=" ">
   <subfield code="a">Xuất bản lần thứ 2, có chỉnh sửa, bổ sung</subfield>
  </datafield>
  <datafield tag="260" ind1=" " ind2=" ">
   <subfield code="a">H.</subfield>
   <subfield code="b"> Chính trị Quốc gia Sự Thật</subfield>
   <subfield code="c">2023</subfield>
  </datafield>
  <datafield tag="300" ind1=" " ind2=" ">
   <subfield code="a">619 tr.</subfield>
   <subfield code="c">24cm</subfield>
  </datafield>
  <datafield tag="520" ind1="3" ind2=" ">
   <subfield code="a">Nội dung sách nhằm giúp bạn đọc hiểu rõ hơn về ngành bất động sản và những chính sách, giải pháp khuyến nghị đóng góp cho công tác quản lý, xây dựng và phát triển bền vững thị trường bất động sản ở Việt Nam trong thời gian tới.</subfield>
  </datafield>
  <datafield tag="653" ind1=" " ind2=" ">
   <subfield code="a">Bất Động sản</subfield>
  </datafield>
  <datafield tag="942" ind1=" " ind2=" ">
   <subfield code="2">ddc</subfield>
   <subfield code="c">BK</subfield>
  </datafield>
  <datafield tag="952" ind1=" " ind2=" ">
   <subfield code="0">0</subfield>
   <subfield code="1">0</subfield>
   <subfield code="2">ddc</subfield>
   <subfield code="4">0</subfield>
   <subfield code="6">333_332000000000000_B312</subfield>
   <subfield code="7">0</subfield>
   <subfield code="9">29279</subfield>
   <subfield code="a">000001</subfield>
   <subfield code="b">000001</subfield>
   <subfield code="d">2024-08-03</subfield>
   <subfield code="o">333.332 B312</subfield>
   <subfield code="p">MD.22631</subfield>
   <subfield code="r">2024-08-03</subfield>
   <subfield code="w">2024-08-03</subfield>
   <subfield code="y">BK</subfield>
  </datafield>
  <datafield tag="980" ind1=" " ind2=" ">
   <subfield code="a">Thư viện Trường Đại học Nam Cần Thơ</subfield>
  </datafield>
 </record>
</collection>
